000 00529nam a2200229Ia 4500
003 OSt
005 20221005120243.0
006 a|||||r|||| 00| 0
007 ta
008 221004b |||||||| |||| 00| 0 eng d
024 _a117950
037 _cTextual
040 _aCRL
_cCRL
_beng
041 _2eng
_aeng
100 _aSaxena H C
245 0 _aDifferential Calculas
260 _c1968
650 _aMATHEMATICS
700 _a Gupta K C
942 _cTEXL
_2cc
999 _c1037410
_d1037410